| 000 | 00488cam a2200193ua 4500 | ||
|---|---|---|---|
| 001 | 10678 | ||
| 008 | 190326n ii |||gr||||Z||||||eng | ||
| 020 | _a9789384303044 | ||
| 040 | _cMAIN | ||
| 082 | _a004 | ||
| 100 |
_aMonoj Kumar Deka, _eAuthor. |
||
| 245 | _aComputer skill | ||
| 250 | _a2nd rev ed. | ||
| 260 |
_aDibrugarh: _bKangan stetionery stores, _c2017. |
||
| 300 | _a270p. | ||
| 653 | _aData processing & computer science | ||
| 700 |
_aSadiq Hussain, _eAuthor. |
||
| 942 | _cBK | ||
| 999 |
_c9649 _d9649 |
||